Explora la naturaleza de Magallanes
Gardado en:
| Autor Principal: | |
|---|---|
| Formato: | Libro |
| Idioma: | Lingua castelá |
| Publicado: |
Santiago
CONAF
2009
|
| Edición: | 1a. ed |
| Subjects: | |
| Tags: |
Engadir etiqueta
Sen Etiquetas, Sexa o primeiro en etiquetar este rexistro!
|
MARC
| LEADER | 00000nam a2200000 a 4500 | ||
|---|---|---|---|
| 001 | UCG2229 | ||
| 003 | CL-VaPUC | ||
| 008 | 100624e20090300CL |||||||||||||||||spa|d | ||
| 082 | 0 | 4 | |a 590 |b ETC |2 21 |
| 100 | 0 | |a Etchegaray, Paola |e author |9 550626 | |
| 245 | 1 | 0 | |a Explora la naturaleza de Magallanes |
| 250 | |a 1a. ed | ||
| 300 | |a 134 p | ||
| 942 | |c BK | ||
| 945 | |d 20100624 00:00:00 |a dcastane | ||
| 260 | |a Santiago |b CONAF |c 2009 | ||
| 600 | 0 | 7 | |a CHILE |2 CL-VaPUC |9 544753 |
| 600 | 0 | 7 | |a REGION DE MAGALLANES |2 CL-VaPUC |9 550627 |
| 650 | 0 | |a Zoología |9 261613 | |
| 650 | 7 | |a OBSERVACION DE ANIMALES |2 CL-VaPUC |9 550628 | |
| 583 | |a last modification |c 20190801 10:02:20 |k Rodrigo Vera | ||
| 999 | |c 341457 |d 341455 | ||
| 952 | |0 0 |1 0 |4 0 |6 590_000000000000000_ETC_2009 |7 0 |8 C |9 436967 |a BIBCUR |b BIBCUR |d 2019-11-22 |i 4668545 |o 590 ETC 2009 |p 4668545 |r 2025-04-22 |w 2019-11-22 |y BK |k EXP | ||